Mots de la langue française terminés par "oin" - Statistiques

Statistiques générales
  • Ce quiz a été pris 278 fois
  • Le résultat moyen est 6 sur 10
Statistiques - réponses
Indice Mot % Correct
à grande distance loin
98%
angle coin
95%
museau groin
92%
herbe foin
86%
envie besoin
80%
attention soin
72%
monnaie cryptographique bitcoin
66%
relais témoin
39%
onobrychis sainfoin
8%
moine bouddhiste talapoin
0%
Aucun quiz correspondant
Distribution des résultats
% des personnes avec chaque résultat
Percentile par nombre de réponses
Votre historique - résultats
Vous n’avez pas pris ce quiz